[Event "Botvinnik Mem Senior"]
[Site "Suzdal RUS"]
[Date "2011.08.15"]
[Round "1"]
[White "Bykhovsky, Anatoly A"]
[Black "Chernikov, Oleg L"]
[Result "1/2-1/2"]
[WhiteTitle "IM"]
[BlackTitle "GM"]
[WhiteElo "2354"]
[BlackElo "2402"]
[WhiteFideId "4101669"]
[BlackFideId "4103289"]
[EventDate "2011.08.15"]

1. e4 c5 2. Nf3 g6 3. d4 cxd4 4. Nxd4 Nc6 5. Nc3 Bg7 6. Be3 Nf6 7. Bc4 O-O 8.
Bb3 d6 9. f3 Bd7 10. Qd2 Nxd4 11. Bxd4 b5 12. O-O a5 13. a3 a4 14. Ba2 Rb8 15.
Nd5 Nxd5 16. Bxg7 Kxg7 17. exd5 Qb6+ 18. Rf2 b4 19. axb4 Qxb4 20. c3 Qh4 21. Re1
Bf5 22. g4 Bd7 23. Qd4+ Qf6 24. Rxe7 Qxd4 25. cxd4 Rfd8 26. Bc4 Rb4 27. Rc2 Rc8
28. Rxd7 Rbxc4 29. Rxc4 Rxc4 30. Rxd6 Rxd4 31. Ra6 Rxd5 1/2-1/2

[Event "Botvinnik Mem Senior"]
[Site "Suzdal RUS"]
[Date "2011.08.15"]
[Round "1"]
[White "Nikitin, Aleksander S"]
[Black "Portisch, Lajos"]
[Result "0-1"]
[WhiteTitle "IM"]
[BlackTitle "GM"]
[WhiteElo "2430"]
[BlackElo "2523"]
[WhiteFideId "4103173"]
[BlackFideId "700037"]
[EventDate "2011.08.15"]

1. e4 e5 2. Nf3 Nc6 3. d4 exd4 4. Nxd4 Bc5 5. Nb3 Bb6 6. a4 a6 7. Nc3 Nf6 8. Bg5
d6 9. Bd3 h6 10. Bh4 Ba7 11. Qe2 g5 12. Bg3 Qe7 13. h4 Rg8 14. hxg5 hxg5 15.
O-O-O Bg4 16. f3 Be6 17. Bc4 Bxc4 18. Qxc4 O-O-O 19. Nd5 Nxd5 20. Rxd5 Qe6 21.
Qc3 g4 22. Bf4 gxf3 23. gxf3 Kb8 24. Kb1 Ne7 25. Rdh5 Ng6 26. Bg5 Rde8 27. Nd4
Qd7 28. b3 d5 29. exd5 Qxd5 30. Bf6 Qd7 31. Ne2 Rxe2 0-1

[Event "Botvinnik Mem Senior"]
[Site "Suzdal RUS"]
[Date "2011.08.15"]
[Round "1"]
[White "Vasiukov, Evgeni"]
[Black "Uhlmann, Wolfgang"]
[Result "0-1"]
[WhiteTitle "GM"]
[BlackTitle "GM"]
[WhiteElo "2455"]
[BlackElo "2379"]
[WhiteFideId "4100522"]
[BlackFideId "4611284"]
[EventDate "2011.08.15"]

1. e4 e6 2. d4 d5 3. e5 c5 4. c3 Nc6 5. Nf3 Qb6 6. Be2 cxd4 7. cxd4 Nh6 8. Nc3
Nf5 9. Na4 Qd8 10. O-O Be7 11. a3 O-O 12. b4 a6 13. Bb2 f6 14. g4 Nh6 15. exf6
Bxf6 16. h3 Nf7 17. Rc1 Qd6 18. Qd2 h6 19. Qe3 Re8 20. Rfd1 Rb8 21. Nc5 e5 22.
dxe5 Nfxe5 23. Bxe5 Nxe5 24. Qb3 Nxf3+ 25. Bxf3 Qf4 26. Qxd5+ Kh8 27. Rc4 Qg5
28. Qf7 Bf5 29. h4 Qg6 30. Qxg6 Bxg6 31. g5 hxg5 32. hxg5 Bxg5 33. Rg4 Bh5 34.
Rd5 Bxg4 35. Bxg4 Bh6 36. Rd7 b6 37. Nxa6 Rbd8 38. Rb7 Rd6 39. Nc7 Red8 40. Kg2
Rg6 41. Kh3 Bf4 42. Ne6 Rd3+ 0-1

[Event "Botvinnik Mem Senior"]
[Site "Suzdal RUS"]
[Date "2011.08.15"]
[Round "2"]
[White "Portisch, Lajos"]
[Black "Vasiukov, Evgeni"]
[Result "1/2-1/2"]
[WhiteTitle "GM"]
[BlackTitle "GM"]
[WhiteElo "2523"]
[BlackElo "2455"]
[WhiteFideId "700037"]
[BlackFideId "4100522"]
[EventDate "2011.08.15"]

1. d4 f5 2. Nf3 Nf6 3. g3 g6 4. Bg2 Bg7 5. O-O d6 6. b3 Nc6 7. Bb2 O-O 8. d5 Nb4
9. c4 Bd7 10. Nc3 c6 11. a3 Na6 12. dxc6 bxc6 13. b4 c5 14. b5 Nc7 15. Qd3 Rb8
16. Rab1 Qe8 17. a4 h6 18. Nd2 g5 19. e3 Qf7 20. Nd5 Ncxd5 21. cxd5 f4 22. exf4
gxf4 23. Nc4 Qh5 24. Rbe1 Rbe8 25. Bxf6 Rxf6 26. Bf3 Qh3 27. Bg2 Qh5 28. Bf3 Qh3
29. Bg2 1/2-1/2

[Event "Botvinnik Mem Senior"]
[Site "Suzdal RUS"]
[Date "2011.08.15"]
[Round "2"]
[White "Ivkov, Borislav"]
[Black "Uhlmann, Wolfgang"]
[Result "1-0"]
[WhiteTitle "GM"]
[BlackTitle "GM"]
[WhiteElo "2416"]
[BlackElo "2379"]
[WhiteFideId "900141"]
[BlackFideId "4611284"]
[EventDate "2011.08.15"]

1. Nf3 Nf6 2. c4 g6 3. Nc3 Bg7 4. g3 c5 5. Bg2 Nc6 6. O-O d6 7. d4 cxd4 8. Nxd4
Bd7 9. b3 h5 10. Bb2 h4 11. Nd5 Nxd4 12. Bxd4 e5 13. Nxf6+ Qxf6 14. Bb2 Bc6 15.
e4 g5 16. a4 a5 17. Qf3 Qg6 18. Rfd1 h3 19. Bh1 g4 20. Qe2 Bf8 21. Rd3 Rd8 22.
Rad1 Rg8 23. Bxe5 Be7 24. Bf4 Qe6 25. Qe3 Rg6 26. f3 gxf3 27. Bxf3 Qc8 28. e5
dxe5 29. Rxd8+ Bxd8 30. Qxe5+ Be7 31. Bxc6+ Rxc6 32. Bg5 Re6 33. Qh8+ Bf8 34.
Rd8+ Qxd8 35. Bxd8 1-0

[Event "Botvinnik Mem Senior"]
[Site "Suzdal RUS"]
[Date "2011.08.15"]
[Round "3"]
[White "Zaitsev, Igor A"]
[Black "Ivkov, Borislav"]
[Result "1-0"]
[WhiteTitle "GM"]
[BlackTitle "GM"]
[WhiteElo "2408"]
[BlackElo "2416"]
[WhiteFideId "4103017"]
[BlackFideId "900141"]
[EventDate "2011.08.15"]

1. e4 e5 2. Nf3 Nc6 3. Bb5 a6 4. Ba4 d6 5. Bxc6+ bxc6 6. d4 exd4 7. Nxd4 c5 8.
Nc6 Qd7 9. Na5 Qb5 10. Bd2 Nf6 11. c4 Qd7 12. Nc3 Be7 13. Qe2 O-O 14. O-O-O Re8
15. f4 Bd8 16. Qd3 c6 17. Nb3 a5 18. Rhe1 a4 19. Na1 Bc7 20. Nc2 Ba6 21. Na3 Ba5
22. Nxa4 Qc7 23. Bxa5 Qxa5 24. Nc3 d5 25. exd5 Rxe1 26. Rxe1 Nxd5 27. Qe4 Nf6
28. Qxc6 Rd8 29. Qa4 Qb6 30. Nd5 Qd6 31. Nxf6+ gxf6 32. Re8+ Rxe8 33. Qxe8+ Kg7
34. Qe3 Bb7 35. Nb5 Qa6 36. a3 Qc6 37. Nc3 Qxg2 38. Qg3+ Qxg3 39. hxg3 Kg6 40.
Kd2 1-0

[Event "Botvinnik Mem Senior"]
[Site "Suzdal RUS"]
[Date "2011.08.15"]
[Round "3"]
[White "Vasiukov, Evgeni"]
[Black "Chernikov, Oleg L"]
[Result "1-0"]
[WhiteTitle "GM"]
[BlackTitle "GM"]
[WhiteElo "2455"]
[BlackElo "2402"]
[WhiteFideId "4100522"]
[BlackFideId "4103289"]
[EventDate "2011.08.15"]

1. e4 c5 2. Nf3 d6 3. d4 cxd4 4. Qxd4 Bd7 5. c4 Nc6 6. Qd2 g6 7. Nc3 Bg7 8. b3
Nf6 9. Bb2 O-O 10. Be2 Qa5 11. Rb1 Bg4 12. a3 Rfe8 13. O-O Rac8 14. Rfe1 Qc7 15.
h3 Bxf3 16. Bxf3 Qb8 17. Bg4 Rcd8 18. Bd1 a6 19. Rc1 Qa7 20. b4 Rc8 21. Ba4 Red8
22. Bb3 Nd4 23. Ba2 Ne6 24. Rcd1 Nf8 25. Bb3 Qb8 26. Qe3 Qc7 27. Rd2 N8d7 28.
Nd5 Nxd5 29. exd5 Bxb2 30. Rxb2 Re8 31. Qh6 Nf6 32. Rc2 Qd7 33. Re3 b5 34. Qf4
bxc4 35. Bxc4 a5 36. Rd2 axb4 37. axb4 Rb8 38. b5 Qf5 39. Qxf5 gxf5 40. Rf3 Rec8
41. Rd4 Rc5 42. Rxf5 e5 43. Rh4 Nxd5 44. Rg5+ Kf8 45. Rxh7 Ke7 46. Rg4 Rbc8 47.
Ba2 Rxb5 48. Rgg7 Rf8 49. g4 Ra5 50. Bxd5 Rxd5 51. g5 e4 52. Rh4 Re5 53. Kf1 d5
54. Rf4 d4 55. g6 e3 56. Rgxf7+ Rxf7 57. Rxf7+ Ke6 58. fxe3 dxe3 59. h4 Re4 60.
h5 Rh4 61. Rf8 Rg4 62. h6 1-0

[Event "Botvinnik Mem Senior"]
[Site "Suzdal RUS"]
[Date "2011.08.16"]
[Round "4"]
[White "Ivkov, Borislav"]
[Black "Portisch, Lajos"]
[Result "1/2-1/2"]
[WhiteTitle "GM"]
[BlackTitle "GM"]
[WhiteElo "2416"]
[BlackElo "2523"]
[WhiteFideId "900141"]
[BlackFideId "700037"]
[EventDate "2011.08.15"]

1. c4 e6 2. Nc3 d5 3. d4 Nf6 4. Bg5 Be7 5. e3 O-O 6. Nf3 Nbd7 7. Rc1 dxc4 8.
Bxc4 a6 9. O-O b5 10. Be2 Bb7 11. Qc2 c5 12. dxc5 Nxc5 13. Rfd1 Qa5 14. a3 Nce4
15. Nxe4 Bxe4 16. Qc7 Qxc7 17. Rxc7 Bd8 18. Rcc1 Be7 19. Rc7 Bd8 20. Rcc1 h6 21.
Bf4 Bb6 22. Bc7 Bxc7 23. Rxc7 Nd5 24. Rcc1 Rfc8 25. Nd2 Bc2 26. Re1 Rab8 1/2-1/2

[Event "Botvinnik Mem Senior"]
[Site "Suzdal RUS"]
[Date "2011.08.16"]
[Round "4"]
[White "Zaitsev, Igor A"]
[Black "Bykhovsky, Anatoly A"]
[Result "1/2-1/2"]
[WhiteTitle "GM"]
[BlackTitle "IM"]
[WhiteElo "2408"]
[BlackElo "2354"]
[WhiteFideId "4103017"]
[BlackFideId "4101669"]
[EventDate "2011.08.15"]

1. e4 e5 2. Nf3 Nc6 3. Bb5 a6 4. Ba4 Nf6 5. O-O Be7 6. Re1 b5 7. Bb3 d6 8. c3
O-O 9. d4 Bg4 10. Be3 exd4 11. cxd4 Na5 12. Bc2 c5 13. Nc3 Nc4 14. dxc5 dxc5 15.
e5 Bxf3 16. Qxd8 Bxd8 17. Bxc5 Bc6 18. Bxf8 Kxf8 19. exf6 Bxf6 20. Be4 Bxe4 21.
Rxe4 Nxb2 22. Nd5 Rd8 23. Nxf6 gxf6 24. g3 Rd2 25. Rae1 Na4 26. R1e2 Rd1+ 27.
Kg2 Nc3 28. Re8+ Kg7 29. Rc2 1/2-1/2

[Event "Botvinnik Mem Senior"]
[Site "Suzdal RUS"]
[Date "2011.08.16"]
[Round "4"]
[White "Taimanov, Mark E"]
[Black "Vasiukov, Evgeni"]
[Result "0-1"]
[WhiteTitle "GM"]
[BlackTitle "GM"]
[WhiteElo "2386"]
[BlackElo "2455"]
[WhiteFideId "4100760"]
[BlackFideId "4100522"]
[EventDate "2011.08.15"]

1. c4 e5 2. Nc3 Nf6 3. g3 Bb4 4. Bg2 O-O 5. Nf3 Re8 6. O-O e4 7. Ng5 Bxc3 8.
dxc3 Nc6 9. Qc2 Qe7 10. b3 d6 11. Nh3 Qe5 12. Rd1 Bf5 13. Be3 Bxh3 14. Bxh3 Qh5
15. Bg2 Ng4 16. h3 Nxe3 17. fxe3 Qg5 18. Kf2 Re6 19. Bxe4 Rae8 20. Bf3 Rg6 21.
g4 Qxe3+ 22. Kg2 h5 23. Qd2 hxg4 24. hxg4 Qxd2 25. Rxd2 Ne5 26. Kg3 Nxg4 27.
Bxg4 Re4 28. Kf3 Rgxg4 29. e3 f5 30. c5 dxc5 31. Rd5 g6 32. Rxc5 c6 33. Rd1 Re7
34. Rd4 Rg1 35. Rd6 Kf7 36. Rc4 Rf1+ 37. Ke2 Rh1 38. Rcd4 Rh2+ 0-1

[Event "Botvinnik Mem Senior"]
[Site "Suzdal RUS"]
[Date "2011.08.16"]
[Round "4"]
[White "Chernikov, Oleg L"]
[Black "Uhlmann, Wolfgang"]
[Result "0-1"]
[WhiteTitle "GM"]
[BlackTitle "GM"]
[WhiteElo "2402"]
[BlackElo "2379"]
[WhiteFideId "4103289"]
[BlackFideId "4611284"]
[EventDate "2011.08.15"]

1. Nf3 Nf6 2. g3 g6 3. b3 Bg7 4. Bb2 c6 5. c4 O-O 6. Bg2 d5 7. O-O a5 8. Na3 Na6
9. d3 a4 10. Nc2 Bg4 11. Rb1 axb3 12. axb3 Nc5 13. b4 Na4 14. Be5 Qd7 15. Qc1
dxc4 16. dxc4 Bxf3 17. Bxf3 Qe6 18. Bxf6 Bxf6 19. Ne3 Rfd8 20. Rb3 Rd4 21. Qc2
Rad8 22. Rd3 Rxd3 23. exd3 Nb2 24. Be4 Bg7 25. Nd1 Nxd1 26. Rxd1 Bd4 27. Kg2 Qd6
28. b5 cxb5 29. cxb5 Qd7 30. Qc4 Rc8 31. Qd5 Qxd5 32. Bxd5 Rc2 33. Rf1 b6 34.
Kf3 e6 35. Bc4 Kg7 36. h4 e5 37. g4 f5 38. gxf5 gxf5 39. Kg3 e4 40. h5 Kf6 41.
Kf4 Rc3 42. Rd1 Bxf2 43. Bg8 e3 44. Kf3 h6 45. Ra1 Rxd3 46. Bc4 Rd6 47. Ra7 Kg5
48. Be2 Kh4 49. Rf7 Kxh5 50. Rc7 Kg5 51. Rc6 Rd4 52. Rxb6 Rf4+ 53. Kg2 Rb4 54.
Kf3 Rh4 55. Rb8 Rh3+ 56. Kg2 Rg3+ 57. Kh2 Kh4 58. Rf8 Rg5 59. b6 Bg3+ 60. Kh1
Bd6 61. b7 Kg3 62. b8=Q Bxb8 63. Rxb8 f4 64. Rf8 Kf2 0-1

[Event "Botvinnik Mem Senior"]
[Site "Suzdal RUS"]
[Date "2011.08.16"]
[Round "4"]
[White "Korchnoi, Viktor"]
[Black "Nikitin, Aleksander S"]
[Result "1/2-1/2"]
[WhiteTitle "GM"]
[BlackTitle "IM"]
[WhiteElo "2553"]
[BlackElo "2430"]
[WhiteFideId "1300016"]
[BlackFideId "4103173"]
[EventDate "2011.08.15"]

1. d4 d5 2. c4 e6 3. Nc3 c5 4. cxd5 exd5 5. Nf3 Nc6 6. Bf4 Nf6 7. e3 Bg4 8. Be2
Bd6 9. Bxd6 Qxd6 10. Nb5 Qe7 11. dxc5 O-O 12. Rc1 Rfd8 13. O-O Ne4 14. Nbd4 Nxc5
15. Nxc6 bxc6 16. Qc2 Ne4 17. Nd4 Bd7 18. Nxc6 Bxc6 19. Qxc6 Rab8 20. b3 Rb6 21.
Qc7 Rd7 22. Qc2 g6 23. Bg4 f5 24. Bf3 Ng5 25. Qc8+ Qd8 26. Be2 Qxc8 27. Rxc8+
Kg7 28. Rd1 Rb4 29. g3 Ne4 30. f3 Nf6 31. Kf2 g5 32. Rd4 Rxd4 33. exd4 f4 34.
gxf4 gxf4 35. b4 Ng8 36. Bd3 Ne7 37. Rc5 h6 38. a4 Kf6 39. b5 Ke6 40. Kg2 Kd6
41. Kh3 Rd8 42. Kg4 Rg8+ 43. Kxf4 Rg2 44. Rc2 Rg1 45. Ra2 Rd1 46. Ke3 Re1+ 47.
Kd2 Rh1 48. Kc3 Rc1+ 49. Kb4 Rd1 50. Ra3 Rd2 51. a5 Rxh2 52. b6 axb6 53. a6 Nc6+
54. Kc3 Na7 55. Ra1 b5 56. Rg1 Ra2 57. Rg6+ Kc7 58. Rxh6 Ra3+ 59. Kd2 Nc6 60.
Bxb5 Nxd4 61. Rh7+ Kb6 62. Rb7+ Kc5 63. Bf1 Rxf3 64. Bd3 Rf2+ 65. Ke3 Rf3+ 66.
Kd2 Rf2+ 67. Kc3 Ra2 68. Rc7+ Nc6 69. Kb3 1/2-1/2

[Event "Botvinnik Mem Senior"]
[Site "Suzdal RUS"]
[Date "2011.08.16"]
[Round "5"]
[White "Uhlmann, Wolfgang"]
[Black "Taimanov, Mark E"]
[Result "1/2-1/2"]
[WhiteTitle "GM"]
[BlackTitle "GM"]
[WhiteElo "2379"]
[BlackElo "2386"]
[WhiteFideId "4611284"]
[BlackFideId "4100760"]
[EventDate "2011.08.15"]

1. c4 Nf6 2. Nc3 e5 3. Nf3 Nc6 4. g3 Bb4 5. Bg2 O-O 6. O-O Re8 7. Nd5 Bf8 8. d3
Nxd5 9. cxd5 Nb4 10. Qb3 h6 11. Bd2 Na6 12. Bc3 d6 13. Nd2 Nc5 14. Qc2 Bd7 15.
b3 c6 16. b4 Na6 17. a4 cxd5 18. Bxd5 Rc8 19. Rfb1 Qc7 20. Nc4 Bc6 21. Ne3 Bxd5
22. Nxd5 Qc6 23. Qb3 Nc7 24. Ne3 d5 25. Rc1 Qe6 26. d4 e4 27. b5 Be7 28. a5 Bg5
29. Bd2 Qd7 30. Rab1 Ne6 31. Qb4 Be7 32. Qa4 Bf6 33. Bc3 Bg5 34. Bd2 Bf6 35. Nf5
h5 36. Bb4 Nxd4 37. Nxd4 Bxd4 38. e3 Bf6 39. Bc5 a6 40. Qb4 axb5 41. Rd1 Qc6 42.
Bd4 Bxd4 43. Rxd4 b6 44. Qxb5 bxa5 45. Qxc6 Rxc6 46. Rxd5 a4 47. Ra1 Ra8 48. Ra3 1/2-1/2

[Event "Botvinnik Mem Senior"]
[Site "Suzdal RUS"]
[Date "2011.08.16"]
[Round "6"]
[White "Bykhovsky, Anatoly A"]
[Black "Nikitin, Aleksander S"]
[Result "1/2-1/2"]
[WhiteTitle "IM"]
[BlackTitle "IM"]
[WhiteElo "2354"]
[BlackElo "2430"]
[WhiteFideId "4101669"]
[BlackFideId "4103173"]
[EventDate "2011.08.15"]

1. d4 d5 2. c4 c6 3. cxd5 cxd5 4. Nc3 Nc6 5. Bf4 Nf6 6. e3 e6 7. Nf3 Be7 8. h3
O-O 9. Bd3 a6 10. Rc1 Bd7 11. O-O b5 12. Ne5 1/2-1/2

[Event "Botvinnik Mem Senior"]
[Site "Suzdal RUS"]
[Date "2011.08.16"]
[Round "6"]
[White "Taimanov, Mark E"]
[Black "Portisch, Lajos"]
[Result "1/2-1/2"]
[WhiteTitle "GM"]
[BlackTitle "GM"]
[WhiteElo "2386"]
[BlackElo "2523"]
[WhiteFideId "4100760"]
[BlackFideId "700037"]
[EventDate "2011.08.15"]

1. c4 e6 2. Nc3 d5 3. d4 Nf6 4. Bg5 Nbd7 5. e3 c6 6. Nf3 Qa5 7. Bxf6 Nxf6 8. Nd2
Bb4 9. Qc2 O-O 10. Bd3 c5 11. Nb3 Bxc3+ 12. bxc3 Qc7 13. dxc5 dxc4 14. Bxc4 Nd7
15. Bd3 h6 16. O-O Nxc5 17. Nxc5 Qxc5 18. Rfd1 b6 19. Be4 Rb8 20. Qa4 Bb7 21.
Bxb7 Rxb7 22. c4 Rc8 23. Rd4 e5 24. Rd5 Qxc4 25. Qxc4 Rxc4 26. Rxe5 Rd7 27. Re8+
Kh7 28. g3 Ra4 29. h4 h5 30. Re5 g6 31. a3 Kg7 32. Kg2 Kf6 33. Re8 b5 34. Rb1 a6
35. Rb3 Rc4 36. Ra8 Rd6 37. Ra7 Ke6 38. Rb4 Rdc6 39. Rb2 Rd6 1/2-1/2

[Event "Botvinnik Mem Senior"]
[Site "Suzdal RUS"]
[Date "2011.08.16"]
[Round "6"]
[White "Zaitsev, Igor A"]
[Black "Vasiukov, Evgeni"]
[Result "0-1"]
[WhiteTitle "GM"]
[BlackTitle "GM"]
[WhiteElo "2408"]
[BlackElo "2455"]
[WhiteFideId "4103017"]
[BlackFideId "4100522"]
[EventDate "2011.08.15"]

1. e4 c6 2. Nc3 d5 3. Nf3 dxe4 4. Nxe4 Nf6 5. Nc3 Bg4 6. Be2 e6 7. d4 Bd6 8. Ne5
Bxe2 9. Qxe2 Nbd7 10. Bf4 Qc7 11. O-O-O Nd5 12. Nxd5 cxd5 13. Bg3 Bxe5 14. dxe5
Qa5 15. Kb1 Rc8 16. Rd4 Rc6 17. Qd2 Qxd2 18. Rxd2 h5 19. h4 Ke7 20. Re1 Rhc8 21.
Bf4 b5 22. Be3 a5 23. Bd4 Nf8 24. Re3 Ng6 25. g3 Ke8 26. Rb3 Rb8 27. Rc3 Ne7 28.
Rc5 Kd7 29. a4 bxa4 30. Rxa5 Rc4 31. Rc5 Rcb4 32. c3 Rb3 33. Ka2 Nc6 34. Re2
R8b6 35. Rd2 Ke7 36. f4 g6 37. Bf2 Ra6 38. Rd4 Kd7 39. Rd2 Kc7 40. Rd1 Kb7 41.
Be3 Na5 42. Rd4 Nc4 43. Rdxc4 dxc4 44. Rxc4 a3 45. Rb4+ Rxb4 46. cxb4 axb2+ 47.
Kxb2 Kc6 0-1

[Event "Botvinnik Mem Senior"]
[Site "Suzdal RUS"]
[Date "2011.08.18"]
[Round "7"]
[White "Portisch, Lajos"]
[Black "Korchnoi, Viktor"]
[Result "1/2-1/2"]
[WhiteTitle "GM"]
[BlackTitle "GM"]
[WhiteElo "2523"]
[BlackElo "2553"]
[WhiteFideId "700037"]
[BlackFideId "1300016"]
[EventDate "2011.08.15"]

1. d4 d5 2. c4 e6 3. Nf3 Nf6 4. Nc3 Bb4 5. e3 c5 6. Be2 dxc4 7. Bxc4 Qc7 8. Qe2
a6 9. O-O b5 10. Bd3 Bb7 11. Bd2 Nc6 12. dxc5 Bxc5 13. Rac1 Be7 14. Ne4 O-O 15.
Nc5 Rfd8 16. Nxb7 Qxb7 17. Rfd1 Bb4 18. Be1 Bxe1 19. Qxe1 Rac8 20. Be2 h6 21. h3
Rxd1 22. Qxd1 Ne7 23. Nd4 Rd8 24. Qc2 Rc8 25. Qd1 1/2-1/2

[Event "Botvinnik Mem Senior"]
[Site "Suzdal RUS"]
[Date "2011.08.18"]
[Round "7"]
[White "Uhlmann, Wolfgang"]
[Black "Zaitsev, Igor A"]
[Result "0-1"]
[WhiteTitle "GM"]
[BlackTitle "GM"]
[WhiteElo "2379"]
[BlackElo "2408"]
[WhiteFideId "4611284"]
[BlackFideId "4103017"]
[EventDate "2011.08.15"]

1. c4 Nf6 2. Nc3 g6 3. e4 d6 4. d4 Bg7 5. Be2 O-O 6. Bg5 Nc6 7. d5 Ne5 8. Qd2
Re8 9. Nf3 Nxf3+ 10. Bxf3 e6 11. O-O exd5 12. cxd5 Bd7 13. Rfe1 Qc8 14. h3 Kh8
15. Rac1 Ng8 16. Ne2 h6 17. Be3 Qd8 18. b3 c5 19. dxc6 Bxc6 20. Ng3 Kh7 21. Rcd1
Be5 22. Ne2 Qh4 23. Nf4 Qf6 24. Nd5 Bxd5 25. Qxd5 Qe7 26. Rc1 Rac8 27. Bxa7 Rxc1
28. Rxc1 Ra8 29. Bb6 Rxa2 30. Rc7 Ra1+ 31. Bd1 Nf6 32. Qd3 Qe6 33. g3 d5 34.
Rxb7 dxe4 35. Qf1 Nd5 36. Ra7 Nxb6 37. Rxa1 Bxa1 38. Qb5 Qd5 39. Qe2 Qd3 40. Kf1
Qxe2+ 41. Kxe2 Bd4 42. Bc2 f5 43. f3 exf3+ 44. Kxf3 Kg7 45. g4 Kf6 46. gxf5 gxf5
47. Bd3 Bc5 48. Bb5 Nd5 49. Bc4 Ne7 50. Kf4 Ng6+ 51. Kf3 Ne5+ 0-1

[Event "Botvinnik Mem Senior"]
[Site "Suzdal RUS"]
[Date "2011.08.18"]
[Round "7"]
[White "Nikitin, Aleksander S"]
[Black "Ivkov, Borislav"]
[Result "1/2-1/2"]
[WhiteTitle "IM"]
[BlackTitle "GM"]
[WhiteElo "2430"]
[BlackElo "2416"]
[WhiteFideId "4103173"]
[BlackFideId "900141"]
[EventDate "2011.08.15"]

1. e4 e6 2. d4 d5 3. Nc3 Bb4 4. Ne2 dxe4 5. a3 Be7 6. Nxe4 Nf6 7. N2c3 Bd7 8.
Be3 Bc6 9. Bd3 Nbd7 10. Qe2 Nxe4 11. Bxe4 Bxe4 12. Nxe4 c6 13. O-O Nf6 14. Nxf6+
Bxf6 15. Rad1 O-O 16. Rd3 Qd5 17. Rc1 Rfd8 18. c4 Qf5 19. Rcd1 Rd7 20. f3 Rad8
21. Bf2 b6 22. b3 Be7 23. a4 g6 24. g4 Qg5 25. Qe4 Rc8 26. Kg2 Bf8 27. h4 1/2-1/2

[Event "Botvinnik Mem Senior"]
[Site "Suzdal RUS"]
[Date "2011.08.18"]
[Round "8"]
[White "Nikitin, Aleksander S"]
[Black "Vasiukov, Evgeni"]
[Result "0-1"]
[WhiteTitle "IM"]
[BlackTitle "GM"]
[WhiteElo "2430"]
[BlackElo "2455"]
[WhiteFideId "4103173"]
[BlackFideId "4100522"]
[EventDate "2011.08.15"]

1. e4 Nf6 2. e5 Nd5 3. Bc4 e6 4. Nf3 Nb6 5. Bb3 c5 6. d3 d5 7. exd6 Nc6 8. Nc3
Bxd6 9. Bg5 Be7 10. Bxe7 Qxe7 11. O-O O-O 12. Re1 Rd8 13. Qe2 Bd7 14. Rad1 Be8
15. Ne4 a5 16. a3 a4 17. Ba2 Nd4 18. Nxd4 cxd4 19. Qd2 h6 20. Ng3 Bc6 21. Re5
Nd7 22. Ra5 Rxa5 23. Qxa5 Rc8 24. Re1 Qc5 25. Qxc5 Nxc5 26. f4 g6 27. h4 h5 28.
f5 exf5 29. Re7 Be8 30. Ne2 Kf8 31. Re5 Nd7 32. Rb5 Rxc2 33. Nxd4 Rc1+ 34. Kf2
Nc5 35. Rxb7 0-1

[Event "Botvinnik Mem Senior"]
[Site "Suzdal RUS"]
[Date "2011.08.18"]
[Round "8"]
[White "Bykhovsky, Anatoly A"]
[Black "Uhlmann, Wolfgang"]
[Result "1/2-1/2"]
[WhiteTitle "IM"]
[BlackTitle "GM"]
[WhiteElo "2354"]
[BlackElo "2379"]
[WhiteFideId "4101669"]
[BlackFideId "4611284"]
[EventDate "2011.08.15"]

1. e4 e6 2. d4 d5 3. Nc3 Bb4 4. exd5 exd5 5. Bd3 Nc6 6. a3 Ba5 7. Ne2 Nge7 8.
O-O Bf5 9. Ng3 Bxd3 10. Qxd3 O-O 11. Nce2 Qd7 12. Nf4 Nd8 13. Bd2 Bxd2 14. Qxd2
Ng6 15. Nxg6 hxg6 16. Ne2 Re8 17. Nf4 Nc6 18. Rfe1 Qg4 19. g3 g5 20. Ng2 f6 21.
Rxe8+ Rxe8 22. Re1 Rxe1+ 23. Qxe1 Kf7 24. Ne3 Qe4 25. c3 Na5 26. Qd1 b6 27. Qa4
Qe6 28. Qb5 c6 29. Qa6 Qe7 30. b4 Nb3 31. Qa4 Nd2 32. Qxc6 Qe4 33. Qxd5+ Qxd5
34. Nxd5 Ke6 35. Ne3 b5 36. f4 gxf4 37. gxf4 Nb1 38. d5+ Kd6 39. Nf5+ Kxd5 40.
Nxg7 Ke4 41. Ne8 Nxc3 42. Nxf6+ 1/2-1/2

[Event "Botvinnik Mem Senior"]
[Site "Suzdal RUS"]
[Date "2011.08.18"]
[Round "8"]
[White "Zaitsev, Igor A"]
[Black "Portisch, Lajos"]
[Result "1/2-1/2"]
[WhiteTitle "GM"]
[BlackTitle "GM"]
[WhiteElo "2408"]
[BlackElo "2523"]
[WhiteFideId "4103017"]
[BlackFideId "700037"]
[EventDate "2011.08.15"]

1. e4 e5 2. Nf3 Nc6 3. Bb5 a6 4. Ba4 Nf6 5. O-O Be7 6. Re1 b5 7. Bb3 d6 8. c3
O-O 9. d4 Bg4 10. Be3 exd4 11. cxd4 Na5 12. Bc2 Nc4 13. Nbd2 Nxe3 14. Rxe3 c5
15. dxc5 dxc5 16. e5 Nd5 17. Rd3 Ra7 18. Qe1 Be6 19. Rd1 Qa8 20. a3 Nf4 21. Re3
Rd8 22. Ne4 Rxd1 23. Qxd1 Rd7 24. Qf1 Bc4 25. Qe1 Nd5 26. Re2 Bxe2 27. Qxe2 Qd8
28. e6 fxe6 29. g3 Qe8 30. Ne5 Rd8 31. Qg4 Bf6 32. Nxc5 Bxe5 33. Qe4 Nf6 34.
Qxe5 Kh8 35. Bb3 h6 36. Nxe6 Rc8 37. Kg2 Qc6+ 38. f3 Re8 39. Nf4 Rxe5 40. Ng6+
Kh7 41. Nf8+ Kh8 42. Ng6+ 1/2-1/2

[Event "Botvinnik Mem Senior"]
[Site "Suzdal RUS"]
[Date "2011.08.18"]
[Round "9"]
[White "Portisch, Lajos"]
[Black "Bykhovsky, Anatoly A"]
[Result "1/2-1/2"]
[WhiteTitle "GM"]
[BlackTitle "IM"]
[WhiteElo "2523"]
[BlackElo "2354"]
[WhiteFideId "700037"]
[BlackFideId "4101669"]
[EventDate "2011.08.15"]

1. d4 d5 2. c4 e6 3. Nf3 Nf6 4. Nc3 Be7 5. Bg5 O-O 6. e3 h6 7. Bh4 Ne4 8. Bxe7
Qxe7 9. Rc1 c6 10. Be2 Nd7 11. O-O Nxc3 12. Rxc3 dxc4 13. Bxc4 e5 14. Bb3 exd4
15. exd4 Qd6 16. Re1 Nf6 17. Ne5 Nd5 18. Rg3 Be6 19. Qd2 Kh8 20. Bc2 Qb4 21. Qd1
Rad8 22. a3 Qd6 23. Nd3 Nf6 24. Nc5 Bc8 25. h3 b6 26. Nb3 1/2-1/2